000 01295nam a2200253Ia 4500
999 _c39906
_d39906
001 6511
003 GE_BSU
005 20191024110138.0
008 181216s2009||||ge |||||||||||||| ||geo||
020 _a9789941905087
040 _cGE_BSU
041 _ageo
080 _a504.5(479.22) თ-77
100 _aთოფურია, თეონა
_94978
245 _aქუთაისის გარემოს გამაბინძურებელ აგენტთა გავლენა მოსახლეობის ჯანმრთელობაზე /
_cთეონა თოფურია, ცირა ჟორჟოლიანი, ემზარ გორდაძე ; რედ. თენგიზ გორდეზიანი.
264 _aქუთაისი :
_bლამპარი,
_c2009.
300 _a112 გვ.;
_b20 სმ.
504 _aბიბლიოგრ.: გვ. 110-112.
520 _aრეზ. ინგლ..
653 _aგარემოს დაბინძურება მავნე ნივთიერებებით;
700 _aჟორჟოლიანი, ცირა
_eავტორი
_94979
700 _aგორდაძე, ემზარ
_eავტორი
_94980
942 _cBK
_2udc